000 00334nam a2200109Ia 4500
008 180205s9999 xx 000 0 und d
020 _a963439715
100 _aBrown, Floyd G.
245 _a"Slick Willie" :
_bwhy America cannot trust Bill Clinton
260 _aUSA
_bAnnapolis-Washingston book publishers
_c1993
300 _av, 119 pages
999 _c354743
_d354743